| 000 | 01061nam a2200253Ia 4500 | ||
|---|---|---|---|
| 999 |
_c43859 _d43859 |
||
| 001 | 10607 | ||
| 003 | GE_BSU | ||
| 005 | 20200824134301.0 | ||
| 008 | 181216s2009ge xx |||||||||||||| ||geo|| | ||
| 020 | _a9992898372 | ||
| 040 | _cGE_BSU | ||
| 041 | _ageo | ||
| 080 | _a343.143+343.95 თ-80 | ||
| 100 |
_aთრენკელი, ერნ _99299 |
||
| 245 |
_aმოწმის ჩვენების ფსიქოლოგია / _cერნ თრენკელი ; [ინგლ. თარგმნა გიორგი დოლიძემ]. |
||
| 264 |
_aთბილისი : _bბონა კაუზა, _c2009. |
||
| 300 |
_a140 გვ.: _c20 სმ. |
||
| 653 | _aმოწმის ჩვენების ფსიქოლოგია | ||
| 653 | _aიურიდიული ფსიქოლოგია | ||
| 653 | _aმოწმეთა ჩვენება | ||
| 653 | _aსამართალი | ||
| 700 |
_a დოლიძე, გიორგი _eმთარგმნელი _99300 |
||
| 942 |
_cBK _2udc |
||